00530nam a2200169 a 45000010005000000030009000050080041000140400028000550820018000831000021001012450024001222500007001462600029001533000015001825050148001976500015003452090CO-ViMGA141112s2004 ck r 000 u spa d aCO-ViMGAbspacCO-ViMGA04a611.0182 C6751 aCormack, David H10aHistología de Ham a9a aMexico : bHarla, c1988 a892 p : il aBiología celular 27 - - Los tejidos del cuerpo 165 - - Los sistemas del cuerpo 521 - - Sistema integumentario 557 - - Sistema endocrino 725 14aHISTOLOGIA